00662nam a2200241 a 4500001001300000003000900013005001700022008004100039020001000080082001500090100001600105245005800121260002500179300000900204500003500213505002000248650001100268700001600279902000800295942000700303952009500310999001500405nice12345678IN_TiNIC20260116011507.0050524s1923 tura grp 000 0 eng  ac10000a223.2bRAQ aRaquette, R aMazamir Kitabib the Book of Psalms in Eastern Turki. aTurkibKashgarc1923 a276p aincludes index and biblioraphy2 aEpilogue, Notes aPsalms1 aRaquette, R bSRS cBK 00104070aHMIbHMId2007-06-19g100.00l0o223.2 RAQp3205r2007-06-19w2026-01-16yARB c2024d2024